000 00950cam a2200289 a 4500
001 13872303
003 PILC
005 20160119104228.0
008 050214s2005 nyua b 000 1 eng
010 _a 2005040435
020 _a0786851341 (pbk. : alk. paper)
040 _aDLC
_cDLC
_dDLC
042 _alcac
050 0 0 _aPZ 7
_b.H231323Fas 2005
100 1 _aHarper, Charise Mericle.
_930601
245 1 0 _aFashion kitty
_cCharise Mericle Harper
250 _a1st Hyperion pbk. ed.
260 _aNew York :
_bHyperion Paperbacks for Children,
_cc2005.
300 _a88 p. :
_bcol. ill. ;
_c20 cm.
650 1 _aCats
_vFiction.
_930602
650 1 _aHeroes
_vFiction.
_930603
650 1 _aFashion
_vFiction.
_930604
906 _a7
_bcbc
_corignew
_d1
_eocip
_f20
_gy-gencatlg
942 _2lcc
_cBK
999 _c42333
_d42333